Abstract : 50 inspirational projects
Guardat en:
| Autor principal: | |
|---|---|
| Format: | Llibre |
| Idioma: | anglès |
| Publicat: |
Search Press
2011
|
| Etiquetes: |
Afegir etiqueta
Sense etiquetes, Sigues el primer a etiquetar aquest registre!
|
MARC
| LEADER | 00000nam a22000007a 4500 | ||
|---|---|---|---|
| 008 | 201214b ||||| |||| 00| 0 eng d | ||
| 022 | |a 978-1-84448-715-8 | ||
| 100 | |a VLIET, Rolina Van | ||
| 245 | |a Abstract |b : 50 inspirational projects |c Rolina Van Vliet |g 160p. | ||
| 260 | |b Search Press |c 2011 |h Kent, UK |i 691282 |i 691283 |l ND1500 .V84 |m Painting – Technique |m Drawing – Technique | ||
| 942 | |a lcc |c BK |e Kuteyi, M. A. |f 14/12/2020 | ||
| 952 | |0 0 |1 0 |2 lcc |4 0 |6 ND1500 V84 |7 0 |9 436 |a HOL |b EDM |d 2020-12-14 |l 0 |o ND1500 .V84 |p 2020-2165 |r 2020-12-14 00:00:00 |w 2020-12-14 |y BK | ||
| 952 | |0 0 |1 0 |2 lcc |4 0 |6 ND1500 V84 |7 0 |9 437 |a HOL |b HOL |d 2020-12-14 |l 0 |o ND1500 .V84 |p 2020-2166 |r 2020-12-14 00:00:00 |w 2020-12-14 |y BK | ||
| 999 | |c 220 |d 220 | ||